Partial Images of Flags #2 - Statistics

General Stats
  • This quiz has been taken 98 times
  • The average score is 12 of 15
Answer Stats
Picture Answer % Correct
Saudi Arabia
99%
Cyprus
95%
Lebanon
94%
Morocco
94%
China
91%
Antigua & Barbuda
86%
Sudan
84%
Malawi
82%
Slovakia
82%
Burkina Faso
81%
Micronesia
81%
Equatorial Guinea
78%
Vanuatu
75%
Sweden
66%
Russia
58%
No matching quizzes found
Score Distribution
Percent of People with Each Score
Percentile by Number Answered
Your Score History
You have not taken this quiz